000 00340nam a2200133Ia 4500
008 240624s9999 xx 000 0 und d
041 _aeng
082 _a658.31243 LYN
100 _aLYNTON ROLF P
245 _aTRAINING FOR ORGANIZATIONAL TRANSFORMATION P
260 _c2004
_aNew Delhi
_bSage
300 _a307 : p. : cm. ; 22
365 _cRS
999 _c1069
_d1069